Ioannis Ravisii Textoris Nivernensis Officina Nvnc Demvm Post Tot Editiones diligenter emendata, aucta, & in longe commodiorem ordinem redacta. Cvi Hac Editione Accsservnt. Eiusdem Rauisij Cornucopiae libellus, quo continentur loca diuersis rebus per orbem abundantia. Item eiusdem autoris, non vulgaris eruditionis Epistolae, nunc recens accuratius castigatae Л propè innumeris mendis abstersae. Ac geminus index rerum verborumque omnium copiosissimus

Bibliographic Details
Main Authors: Tixier de Ravisi, Jean, 1480-1524 (Author, Author of introduction, etc.), Albus, Jacobus (Author)
Corporate Author: Du Puys, Jacques I. (Paríž, Francúzsko) (Printer)
Other Authors: Gesner, Konrad, 1516-1565 (Dedicator)
Format: Book
Language:Latin
PhysicalDescription:[6], 422, [41] zach. l. 8° 17,5 x 11 cm
Published: Parisiis Ex officina Iacobi dupuys, è regione Collegij Cameracensis, sub signo Samaritanae 1575

MARC

LEADER 00000nam a2200000na 4500
001 vtls011702716
003 SK-MaSNL
005 20260301043420.0
008 251112s1575 fr a 0 an0 lat
015 |a SNBHFA1575 
035 |a urn:nbn:sk:snk-am00crxa 
035 |a urn:nbn:sk:snk-am3hapv 
035 |a 634DEACE-5B9C-40DA-9FCA-804C0B8DC667 
040 |a SNKHF  |b slo  |c SNK  |e AACR2 
041 0 |a lat 
044 |a fr  |c FR 
100 1 |a Tixier de Ravisi, Jean,  |d 1480-1524  |4 aut  |4 aui  |9 130895 
245 1 0 |a Ioannis Ravisii Textoris Nivernensis Officina  |b Nvnc Demvm Post Tot Editiones diligenter emendata, aucta, & in longe commodiorem ordinem redacta. Cvi Hac Editione Accsservnt. Eiusdem Rauisij Cornucopiae libellus, quo continentur loca diuersis rebus per orbem abundantia. Item eiusdem autoris, non vulgaris eruditionis Epistolae, nunc recens accuratius castigatae Л propè innumeris mendis abstersae. Ac geminus index rerum verborumque omnium copiosissimus 
246 1 |i Súčasť zbierky:  |a Knižnica Františkánov 
260 |a Parisiis  |b Ex officina Iacobi dupuys, è regione Collegij Cameracensis, sub signo Samaritanae  |c 1575 
300 |a [6], 422, [41] zach. l.  |c 8°  |c 17,5 x 11 cm 
500 |a Defektný exemplár, chýbajú prvé dva listy za titulným listom 
500 |a Vinety, vlys, iniciálky s ornamentálnym pozadím vo voľnom priestore na 7, 8 riadkov, marginálie, kustody, rukopisné poznámky v taliančine 
500 |a Ex Libris Martini Josephi Zúgó 1716 die 12 Junij. 
500 |a Z knižnice františkánov v Kremnici. 
508 |a Ded.: Pompadoraeus, Gaufredus; Gesner, Konrad; Textor, Jean Tixier; príl. b.: Albus, Jacobus 
510 4 |a OCLC 864864831 
546 |a Latinčina 
563 |a Väzba: pôvodná, renesančná, bledá koža s ornamentálnou a figurálnou slepotlačou, poškodené spony.  |5 SNK ID 99738 
700 1 |a Pompadoraeus, Gaufredus  |4 hnr  |9 71924 
700 1 |a Gesner, Konrad,  |d 1516-1565  |4 dto  |9 57432 
700 1 |a Albus, Jacobus  |4 aut  |9 348200 
700 1 |a Zúgó, Martin Jozef  |4 fmo  |9 348201 
710 0 |a Du Puys, Jacques I. (Paríž, Francúzsko),  |d 1540-1589  |4 prt  |9 172849 
710 2 |a Františkáni (Kremnica, Slovensko)  |4 fmo  |9 162717 
752 |a Francúzsko  |d Paríž 
852 |a snk  |b Františkáni Kremnica  |p ID 99738 
958 |a ONDV 
999 |c 593539  |d 595469 
952 |t Fr Kr 7296  |a SNK  |b SNK  |y PREZ  |7 0  |p 17A1130469  |o snkID 99738  |i snk2017/16451  |8 5  |0 0  |1 0  |4 0  |d 2017-07-17  |f 1  |l 0  |r 2026-02-23 15:31:27  |w 2026-02-23